000 00671nam a2200241 a 4500
999 _c959
_d959
008 191113t2012 xxua|||g |||| 00| 0 eng d
020 _a9781430243144
_c$ 24.99
040 _aKO
_beng
044 _axxu
082 0 4 _223
_a658.3
_bL8819
100 1 _aLopp, Michael
245 1 0 _aManaging Humans :
_bBiting and Humorous Tales of a Software Engineering Manager /
_cMichael Lopp
250 _a2nd ed.
260 _aNew York :
_bApress ,
_c2012
300 _aix, 281 p. :
_bill. ;
_c23 cm
504 _aIncludes Index.
650 0 _aLeadership
650 0 _aTeams in the workplace
650 0 _aOrganizational behavior
904 _aA_BOSE
942 _cBK